Statistics for Countries that Start with G - Picture Quiz

Click here to take the quiz!

General Stats

  • This quiz has been taken 60 times
  • The average score is 8 of 11

Answer Stats

Answer % Correct
Greece
100%
Germany
88%
Guatemala
84%
Grenada
70%
Ghana
68%
Georgia
64%
Guinea
63%
Gabon
63%
Guinea-Bissau
61%
Guyana
59%
Gambia
55%

Score Distribution

Percentile by Number Answered

Percent of People with Each Score

Your Score History

You have not taken this quiz